| 000 | 00847nam a22002177a 4500 | ||
|---|---|---|---|
| 005 | 20090305104415.0 | ||
| 008 | 090304t xxu||||| |||| 00| 0 eng d | ||
| 010 | _aB-317546 | ||
| 020 |
_c395.00 _a0195696611 |
||
| 035 | _aB-317546 | ||
| 040 |
_aDPL _bEnglish |
||
| 082 | _a954.022 | ||
| 100 | _aAthar Ali, M. | ||
| 245 |
_aMughal India : _cby M.Athar Ali _bstudies in polity, ideas, society and culture / |
||
| 260 |
_aNew Delhi _bOxford University Press _c2008 |
||
| 270 |
_aYMCA Building, Jai Singh Road, _bNew Delhi _e110 001 |
||
| 300 |
_a409 p. _c23 cm. (Pbk) |
||
| 650 | _bIndian History | ||
| 942 |
_2ddc _cEN _h954.022 _mATH |
||
| 999 |
_c24898 _d24898 |
||